Harper Collins pocket (Registro nro. 11871)

Detalles MARC
000 -CABECERA
Longitud fija campo de control 00609cam a2200205 a 4500
001 - NÚMERO DE CONTROL
Número de control 13089993
003 - IDENTIFICADOR DELl NÚMERO DE CONTROL
Identificador del número de control OSt
005 - FECHA Y HORA DE LA ÚLTIMA TRANSACCIÓN
Fecha y hora de la última transacción 20140708172400.0
008 - CÓDIGOS DE INFORMACIÓN DE LONGITUD FIJA
Códigos de información de longitud fija 030212s1994 mex ale
020 ## - NÚMERO INTERNACIONAL NORMALIZADO PARA LIBROS
Número Internacional Normalizado para Libros (ISBN) 970-05-0496-4
040 ## - FUENTE DE LA CATALOGACIÓN
Centro catalogador de origen ORX
Centro transcriptor BMC
Centro modificado DLC
082 ## - NÚMERO DE LA CLASIFICACIÓN DECIMAL DEWEY
Númeroo de clasificación 430.46003
082 ## - NÚMERO DE LA CLASIFICACIÓN DECIMAL DEWEY
Númeroo de clasificación 460.43003
245 00 - MENCIÓN DE TÍTULO
Título Harper Collins pocket
Resto del título : diccionario : español-alemán, alemán-español
260 ## - PUBLICACIÓN, DISTRIBUCIÓN, ETC. (PIE DE IMPRENTA)
Lugar de publicación, distribución, etc. México, D.F.
Nombre del editor, distribuidor, etc. Grijalbo
Fecha de publicación, distribución, etc. cop. 1994
300 ## - DESCRIPCIÓN FÍSICA
Extensión X, 406 p.
Dimensiones 17 cm
650 24 - PUNTO DE ACCESO ADICIONAL DE MATERIA - TÉRMINO DE MATERIA
9 (RLIN) 21488
Término de materia o nombre geográfico como elemento inicial Lengua alemana
Subdivisión de forma Diccionarios
Subdivisión de materia general Español
650 24 - PUNTO DE ACCESO ADICIONAL DE MATERIA - TÉRMINO DE MATERIA
9 (RLIN) 21487
Término de materia o nombre geográfico como elemento inicial Lengua española
Subdivisión de forma Diccionarios
Subdivisión de materia general Alemán
942 ## - ENTRADA DE ELEMENTOS AGREGADOS (KOHA)
Fuente de clasificaión o esquema Dewey Decimal Classification
Koha [por defecto] tipo de item 1- Monografias
Existencias
Suprimido Perdido Fuente de clasificación o esquema Estropeado Restricciones de uso No para préstamo Código de colección Localización permanente Localización actual Localización en estanter&íacute;as Fecha adquisición Fuente de adquisición Número de inventario Préstamos totales Signatura completa Código de barras Fecha última consulta Fecha último préstamo Coste, precio reemplazado Fecha del precio de reemplazo Tipo de item de Koha
NULL NULL Dewey Decimal Classification NULL Préstamo en Sala NULL NULL Biblioteca Miguel de Cervantes - UNICAES Biblioteca Miguel de Cervantes - UNICAES Sala Principal 26/03/1996 Donación - UNICO 018775 2 430.46003 HAR 1019118 06/03/2023 06/03/2023 9.99 04/07/2014 1- Monografias